000 004470000a22001810004500
003 MACL
005 20150916132944.0
008 150916b xxu||||| |||| 00| 0 eng d
040 _aMACL
_cMACL
041 _aEnglish
082 _a823/RAM
100 _aRam, S K
_911604
245 _aPret In The House And Other Stories
260 _bOxford University Press
_c1992
_aNew Delhi
350 _a20
650 _aFiction
_911605
942 _cBK
_k823
_2ddc
999 _c4852
_d4852